00831nam a2200241Ia 4500001000600000003000900006008004100015040001300056040001300069041001300082100001700095100002900112245002900141245003700170250001100207260002600218260001500244260004900259300005700308500016500365650002800530650003100558F8549IT-RoPAU130308s9999 xx 000 0 und d aIT-RoPAU cIT-RoPAU aITALIANO aSassi Silvio gCodice Aut. SPICS: 9119 aSemiologia della notizia bGiornali. L'Informazione Dov'E'? a1a ed. aSOVERIA MANNELLI (CZ) bRubbettino c1999 [1° Ed.:1999 - Ed.Ling.Originale:1999] a"13 p. (prefazione: no ; testo: 13 [pagine: 59-71])" aLo specifico di una Riflessione Semiologica. Oggettività e intenzione Delgiornalista. Oggettività e Ricevente della Notizia. Oggettività e Contesto D'Uso. aTEORICHE GIORNALISTICHE eCodice materia Spics: 7055